|
|
|
|
| LEADER |
01035nam a22003137a 4500 |
| 001 |
mzk03001021210 |
| 003 |
CZ BrMZK |
| 005 |
20060815154117.0 |
| 007 |
ta |
| 008 |
041215s1775 xx fr|||||00| ||itaod |
| 040 |
|
|
|a BOA001
|b cze
|c BOA001
|
| 072 |
|
7 |
|a 094
|x Staré tisky
|2 Konspekt
|9 12
|
| 080 |
|
|
|a (0.068)094
|2 MRF
|
| 100 |
1 |
|
|a Calzabigi, Ranieri,
|d 1714-1795
|7 jn20000601112
|4 aut
|
| 245 |
1 |
3 |
|a La finta giardiniera :
|b Dramma giocoso. Da rappresentarsi nei teatri di Vienna nel 1775
|
| 260 |
|
|
|a [Vienna] :
|b Guiseppe Kurzboeck,
|c [1775?]
|
| 300 |
|
|
|a 93 s. ;
|c 8°
|
| 500 |
|
|
|a Na straně 4: La musica e del ... Pasquale Anfossi
|
| 500 |
|
|
|a Výzdoba: Vlys
|
| 655 |
|
7 |
|a staré tisky
|7 fd422076
|2 czenas
|
| 903 |
|
|
|a RP
|
| 910 |
|
|
|a BOA001
|b BKB-0002.665
|
| 978 |
|
|
|b Kurzböck, Josef von
|a Wien
|c 1775
|
| 984 |
|
|
|a Vídeň
|b Rakousko
|
| 985 |
|
|
|a 1751-1800
|
| 990 |
|
|
|a BK
|
| 993 |
|
|
|a Y
|
| 991 |
|
|
|k mzk
|
| 996 |
6 |
|
|b 2610419189
|c BKB-0002.665
|l stud. ST
|r Sklad / do násl. otevíracího dne
|n 0
|w 001021210
|u 000010
|a 1
|e BOA001
|s P
|